01507nam a2200325 a 450000100060000000300080000600500170001400800410003103500190007203500190009104000270011004100080013705100220014508200200016710000410018724501790022826000970040730000550050449000370055950001170059650400290071360000490074265000230079183000170081483000370083194200120086899900170088095201330089795201510103020622BD-RjUL20211209000605.0140301s1947 ctuh 001 0 eng  a(BD-RjUL)20684 a(BD-RjUL)20684 aDLCcTJCbengdBD-RjUL aeng aPR13b.Y3 vol.104 a812.7bKEE 19471 aKennedy, Wilma Lucile,d1892-96362914aThe English heritage of Coleridge of Bristol, 1798 :bthe basis in eighteenth-century English thought for his distinction between imagination and fancy /cby Wilma L. Kennedy aNew Haven :bYale University Press ;aLondon :bG. Cumerlege, Oxford university press,c1947 aviii p., 2 l., 103 p. :bfront. (facsim.) ;c24 cm1 aYale studies in English ;vv.104 a"In its original form ... submitted to ... Yale university ... for the degree of doctor of philosophy."--p. viii aBibliography: p. [93]-9810aColeridge, Samuel Taylor,d1772-1834.963643 0aImagination963631 0vv.104963644 0aYale studies in English ;963645 2ddccBK c20622d20622 00102ddc40728FICaRUCLbRUCLcReadingd1955-10-13eO.U.Pg16.40l0o812.7 KEE 1947r2014-03-01 00:00:00tC-1w2014-03-01yBK 00102ddc40708NFICaRUCLbRUCLcStackd1955-03-25eOxford University pressg141.00l0o812.7 KEE 1947r2020-03-10 00:00:00tC-2w2020-03-10yBK